000 00281nam a2200121 i 4500
001 bg
245 0 _aNarzędzia nieiskrzące :
_bbezpieczeństwo pracy.
260 _aSzczecin,
_c1983.
040 _cBPK
041 _apol
942 _cKS
008 s pl f |000 0 pol
999 _c22137
_d22137
856 _uhttp://koha.tu.koszalin.pl/cgi-bin/koha/opac-detail.pl?biblionumber=22137
_yKatalog online BPK